<?xml version="1.0" encoding="UTF-8"?>
<marc:record xmlns:marc="http://www.loc.gov/MARC21/slim">
   <marc:leader>00000nam a2200000 a 4500</marc:leader>
   <marc:datafield ind1="1" ind2=" " tag="100">
      <marc:subfield code="a">Dubois, Jean-Paul</marc:subfield>
      <marc:subfield code="4">aut</marc:subfield>
      <marc:subfield code="e">Verfasser/-in</marc:subfield>
   </marc:datafield>
   <marc:datafield ind1=" " ind2=" " tag="653">
      <marc:subfield code="a">Fiktionale Darstellung</marc:subfield>
   </marc:datafield>
   <marc:datafield ind1=" " ind2=" " tag="653">
      <marc:subfield code="a">Erzählende Literatur: Gegenwartsliteratur ab 1945</marc:subfield>
   </marc:datafield>
   <marc:datafield ind1=" " ind2=" " tag="653">
      <marc:subfield code="a">Französische Literatur</marc:subfield>
   </marc:datafield>
   <marc:datafield ind1=" " ind2=" " tag="653">
      <marc:subfield code="a">Prix Goncourt &lt;2019&gt;</marc:subfield>
   </marc:datafield>
   <marc:datafield ind1="0" ind2="0" tag="245">
      <marc:subfield code="a">Jeder von uns bewohnt die Welt auf seine Weise</marc:subfield>
   </marc:datafield>
   <marc:datafield ind1="0" ind2="0" tag="245">
      <marc:subfield code="c">Dubois, Jean-Paul</marc:subfield>
   </marc:datafield>
   <marc:datafield ind1=" " ind2="1" tag="264">
      <marc:subfield code="a">München</marc:subfield>
      <marc:subfield code="b">dtv</marc:subfield>
   </marc:datafield>
   <marc:datafield ind1=" " ind2=" " tag="250">
      <marc:subfield code="a">Deutsche Erstausgabe</marc:subfield>
   </marc:datafield>
   <marc:datafield ind1="1" ind2=" " tag="520">
      <marc:subfield code="a">Angaben aus der Verlagsmeldung 

 

  Jeder von uns bewohnt die Welt auf seine Weise : Roman Tous les hommes n'habitent pas le monde de la même facon Dubois,Jeder von uns / von Jean-Paul Dubois 

 

  
Prix Goncourt 2019 – der Nummer-1-Bestseller aus Frankreich
 

 
Warum sitzt ein unauffälliger Mensch wie Paul Hansen im baufälligen Gefängnis von Montréal? Der in Frankreich aufgewachsene Sohn eines dänischen Pastors und einer Kinobesitzerin hatte schon einiges hinter sich, bevor er seine Berufung als Hausmeister in einer exklusiven Wohnanlage in Kanada fand. Ein Vierteljahrhundert lang lief alles rund – die Heizungsanlage ebenso wie die Kommunikation, bis Paul eines Tages die Sicherung durchbrennt. Nun erträgt er mit stoischer Ruhe seinen Zellengenossen Patrick, einen Hells-Angels-Biker, der sich jedoch von einer Maus ins Bockshorn jagen lässt. Paul hat viel Zeit zum Nachdenken – Zeit für tragikomische Lebenslektionen und unerwartetes Glück.</marc:subfield>
   </marc:datafield>
   <marc:datafield ind1=" " ind2=" " tag="020">
      <marc:subfield code="a">9783423282406</marc:subfield>
      <marc:subfield code="9">9783423282406</marc:subfield>
   </marc:datafield>
   <marc:datafield ind1=" " ind2=" " tag="020">
      <marc:subfield code="a">3423282401</marc:subfield>
      <marc:subfield code="9">3423282401</marc:subfield>
   </marc:datafield>
   <marc:datafield ind1=" " ind2=" " tag="041">
      <marc:subfield code="a">ger</marc:subfield>
   </marc:datafield>
   <marc:datafield ind1=" " ind2=" " tag="338">
      <marc:subfield code="a">Band</marc:subfield>
   </marc:datafield>
   <marc:datafield ind1=" " ind2=" " tag="300">
      <marc:subfield code="a">251 Seiten</marc:subfield>
   </marc:datafield>
</marc:record>
